000 00455nam a2200121Ia 4500
008 200916s9999 xx 000 0 und d
020 _a978-621-427-051-4
100 _aAgustin-Acierto, Marife
245 _cMarife Agustin-Acierto, Gilfred Abad Acierto.--
_aDistribution management /
260 _aManila :
_bUnlimited Books Library Services & Publishing Inc.
_c2019
300 _ax , 264 pages :
_billustrations ;
_c25 cm.
650 _aMarketing -- Management
999 _c364260
_d364260